Super Mario: all power ups - Statistics

General Stats
  • This quiz has been taken 35 times
  • The average score is 26 of 88
Answer Stats
introduced Answer % Correct
super mario bros fire flower
92%
super mario galaxy fire flower
92%
super mario world 2: yoshi's island 1up
75%
super mario galaxy ice flower
75%
new super mario bros wii ice flower
75%
new super mario bros wii penguin suit
75%
super mario bros super mushroom
75%
super mario bros super star
75%
super mario bros 3 frog suit
67%
super mario world cape feather
63%
super mario bros 3 hammer suit
63%
new super mario bros mega mushroom
63%
new super mario bros mini mushroom
63%
super mario bros: the lost levels poison mushroom
58%
super mario bros 3 super leaf
58%
super mario bros 3 tanooki suit
58%
super mario 64 metal cap
54%
super mario galaxy 2 cloud flower
50%
super mario land superball flower
50%
super mario 64 wing cap
50%
new super mario bros blue shell
46%
new super mario bros wii propeller mushroom
46%
super mario bros 3 p wing
46%
super mario galaxy 2 rock mushroom
46%
super mario galaxy spring mushroom
46%
super mario galaxy bee mushroom
42%
super mario 3D land boomerang flower
42%
super mario galaxy boo mushroom
42%
super mario 3D world super bell
42%
super mario bros 1up mushroom
38%
super mario land 2: 6 golden coins carrot
38%
new super mario bros 2 gold flower
38%
super mario galaxy red star
38%
new super mario bros U super acorn
38%
new super mario bros U p acorn
33%
super mario galaxy rainbow star
33%
super mario 64 vanish cap
33%
super mario world 3up moon
29%
super mario 3D land invincibility leaf
29%
super mario sunshine rocket nozzle
29%
super mario maker 2 big mushroom
25%
super mario bros wonder drill mushroom
25%
super mario sunshine hover nozzle
25%
super mario 3D world lucky bell
25%
super mario world p balloon
25%
super mario bros wonder bubble flower
21%
super mario 3D world cannon box
21%
super mario 3D land propeller box
21%
super mario galaxy 2 dash pepper
17%
new super mario bros 2 gold mushroom
17%
super mario 3D world green shell
17%
super mario 3D world light box
17%
super mario galaxy 2 spin drill
17%
super mario sunshine turbo nozzle
17%
super mario maker weird mushroom
17%
super mario galaxy 2 blimp fruit
13%
super mario galaxy 2 bulb berry
13%
super mario 3D world double cherry
13%
super mario 3D world + bowsers fury giga bell
13%
super mario 3D world goomba mask
13%
super mario galaxy life mushroom
13%
super mario maker 2 master sword
13%
super mario maker 2 smb2 mushroom
13%
super mario maker 2 super hammer
13%
super mario land 1up heart
8%
super mario maker 2 bullet bill mask
8%
super mario odyssey heart
8%
super mario 3D world + bowsers fury invincibility bell
8%
super mario maker mystery mushroom
8%
super mario land 2: 6 golden coins 3up heart
4%
super mario world 2: yoshi's island blue watermelon
4%
new super mario bros U boost star
4%
super mario 3D world coin box
4%
super mario bros wonder elephant flower
4%
new super mario bros 2 gold block
4%
super mario odyssey life up heart
4%
super mario 3D land question mark box
4%
super mario world 2: yoshi's island red watermelon
4%
super mario odyssey rocket flower
4%
super mario maker 2 rotten mushroom
4%
super mario 3D land statue leaf
4%
super mario world 2: yoshi's island watermelon
4%
super mario world yoshi's wings
4%
super mario run coin rush star
0%
super mario 3D world ice skate
0%
super mario maker 2 red pow block
0%
super mario 64 spinning heart
0%
super mario bros wonder wonder mushroom
0%
No matching quizzes found
Score Distribution
Percent of People with Each Score
Percentile by Number Answered
Your Score History
You have not taken this quiz